| 000 | 01085nam a2200229Ia 4500 | ||
|---|---|---|---|
| 001 | L107-27007 | ||
| 003 | IT-CnALBA | ||
| 008 | 170116s9999||||xx |||||||||||||| ||und|| | ||
| 040 |
_aIT-CnALBA _cIT-CnALBA |
||
| 041 | _aITALIANO | ||
| 100 | _aMARITAIN JACQUES | ||
| 245 | 0 | _aPER UNA FILOSOFIA DELLA STORIA. | |
| 250 | _a1a ed. | ||
| 260 |
_a BRESCIA _bMORCELLIANA EDITRICE _c1967 [1° Ed.:1967 - Ed.Ling.Originale: 1957] |
||
| 300 | _a142 p. | ||
| 500 | _aTRADUZIONE DALL'INGLESE. FILOSOFIA DELLA STORIA. LE LEGGI DELLA STORIA. FORMULE ASSIOMATICHE. LEGGI FUNZIONALI. FORMULE TIPOLOGICHE. LEGGI VITTORIALI. DIO E IL MISTERO DEL MONDO. OSSERVAZIONI. | ||
| 501 | _aSocietà San Paolo EM - Piazza San Paolo, 14 - 12051 ALBA (CN) (non commercial uses only) ® Copyright 2017 | ||
| 520 | _aTRADUZIONE DALL'INGLESE. FILOSOFIA DELLA STORIA. LE LEGGI DELLA STORIA. FORMULE ASSIOMATICHE. LEGGI FUNZIONALI. FORMULE TIPOLOGICHE. LEGGI VITTORIALI. DIO E IL MISTERO DEL MONDO. OSSERVAZIONI. | ||
| 650 | _aSTUDIO E INSEGNAMENTO DELLA FILOSOFIA | ||
| 942 | _cBK | ||
| 957 | _71 | ||
| 999 |
_a31795 _bNO _g Copie: 1 _c286111 _d286111 |
||